|
|
|
|
| LEADER |
00777nab a2200205 i 4500 |
| 001 |
tisza25359 |
| 005 |
20200408130807.0 |
| 008 |
200408s2020 hu o 0|| hun d |
| 022 |
|
|
|a 0133-1167
|
| 040 |
|
|
|a SZTE Tiszatáj Archívum
|b hun
|
| 041 |
|
|
|a hun
|
| 100 |
1 |
|
|a Nemes Z. Márió
|
| 245 |
1 |
0 |
|a „Csupa fej és csupa farok”
|h [elektronikus dokumentum] :
|b Juhász Ferenc versteste(i) egyetemesség és formátlanság határán [tanulmány] /
|c Nemes Z. Márió
|
| 260 |
|
|
|c 2020
|
| 300 |
|
|
|a 68-75
|
| 490 |
0 |
|
|a Tiszatáj
|v 74 No. 1
|
| 695 |
|
|
|a Magyar irodalom - költészet - tanulmány, Juhász Ferenc
|
| 700 |
0 |
1 |
|a Juhász Ferenc
|
| 710 |
|
|
|a Juhász Ferenc konferencia
|
| 856 |
4 |
0 |
|u http://tiszataj.bibl.u-szeged.hu/25359/1/tiszataj_2020_001_068-075.pdf
|z Dokumentum-elérés
|